000 01389nam a22003371a 4500
001 73969
003 BD-RjUL
005 20211209082452.0
008 031217s2005 dcua b 000 0 eng
020 _a082136376X
035 _a(BD-RjUL)74187
040 _aDLC
_cDLC
_dYDX
_dBAKER
_dOCLCQ
_dDLC
_dBD-RjUL
_beng
041 _aeng
082 0 0 _a362.19892
_222
_bWHM 2005
100 1 _aWhite, Howard,
_d1960-
_9219603
245 1 0 _aMaintaining momentum to 2015? :
_ban impact evaluation of interventions to improve maternal and child health and nutrition in Bangladesh /
_c Howard White
260 _aWashington, D.C. :
_bWorld Bank,
_c2005.
300 _axxiv, 224 p. :
_bill. ;
_c28 cm.
504 _aIncludes bibliographical references (p. 219-224).
650 0 _aChildren
_xHealth and hygiene
_zBangladesh.
_9219604
650 0 _aMothers
_xHealth and hygiene
_zBangladesh.
_9219605
650 0 _aChild health services
_zBangladesh.
_9219606
650 0 _aMaternal health services
_zBangladesh.
_9219607
650 0 _aNutrition policy
_zBangladesh
_xEvaluation.
_9219608
650 0 _aMedical policy
_zBangladesh
_xEvaluation.
_9219609
650 0 _aFertility, Human
_zBangladesh.
_9219610
651 0 _aHealth status indicators
_zBangladesh.
_9219611
856 4 1 _3Table of contents only
_uhttp://www.loc.gov/catdir/toc/fy0610/2005051152.html
942 _2ddc
_cBK
999 _c73969
_d73969